[Event "II Torneo Internacional Puente Foral. A"]
[Site "Huarte (Navarra)"]
[Date "2007.12.06"]
[Round "7.1"]
[White "Mindeguia Guruceaga, Juan Jesus"]
[Black "Ninov, Nikolai"]
[Result "0-1"]
[WhiteElo "2224"]
[BlackElo "2518"]
[PlyCount "96"]
[EventDate "2007.12.02"]

1. e4 c5 2. c3 d5 3. exd5 Qxd5 4. d4 Nf6 5. Nf3 Bg4 6. Nbd2 Nc6 7. Bc4 Bxf3 8.
Qxf3 Qxf3 9. Nxf3 cxd4 10. cxd4 e6 11. O-O Bd6 12. Bg5 Nd5 13. Bxd5 exd5 14.
Rfe1+ Kd7 15. Ne5+ Bxe5 16. dxe5 Rhe8 17. Rad1 Ke6 18. Be3 Red8 19. Bc5 Rac8
20. f4 b6 21. Bd6 h5 22. Re2 Na5 23. f5+ Kxf5 24. Rxd5 Rc1+ 25. Kf2 Ke6 26. Rd3
Nc6 27. Rh3 Rh8 28. Rd2 Rc4 29. Rg3 Rg8 30. h3 Rf4+ 31. Kg1 Nd4 32. Rc3 Rd8 33.
Rc7 Rd7 34. Rc8 Re4 35. Re8+ Kf5 36. Rf2+ Kg6 37. Rg8 h4 38. Rc8 Nf5 39. Rc7
Rxc7 40. Bxc7 Rc4 41. Bb8 Ng3 42. Rf3 Rc1+ 43. Kf2 Rc2+ 44. Kg1 a6 45. Ra3 Ne4
46. Kf1 a5 47. Re3 Ng3+ 48. Kg1 Rc1+ 0-1

[Event "II Torneo Internacional Puente Foral. A"]
[Site "Huarte (Navarra)"]
[Date "2007.12.06"]
[Round "7.3"]
[White "Mirzoev, Azer"]
[Black "Huerga Leache, Mikel"]
[Result "1/2-1/2"]
[WhiteElo "2545"]
[BlackElo "2440"]
[PlyCount "97"]
[EventDate "2007.12.02"]

1. d4 d5 2. c4 c6 3. Nc3 Nf6 4. Nf3 a6 5. a4 e6 6. Bg5 a5 7. e3 Na6 8. Be2 Be7
9. O-O O-O 10. Rc1 Nb4 11. b3 b6 12. Ne5 Nd7 13. Bf4 Nxe5 14. Bxe5 Bb7 15. cxd5
exd5 16. Qd2 Bd6 17. Bg3 Bxg3 18. hxg3 Re8 19. Na2 Nxa2 20. Qxa2 Qd6 21. Qd2
Qb4 22. Qxb4 axb4 23. Rc2 Kf8 24. g4 h6 25. Bd3 Re7 26. Re1 Ke8 27. f3 Kd7 28.
Kf2 Ba6 29. Bf5+ Kd6 30. Rec1 Rc7 31. Rd2 b5 32. Ra2 Rca7 33. Rca1 Bc8 34. Bxc8
Rxc8 35. axb5 Rxa2+ 36. Rxa2 cxb5 37. Ra6+ Ke7 38. Rb6 Rc2+ 39. Kg3 Rc3 40.
Rxb5 Rxb3 41. Kf4 Kd6 42. e4 dxe4 43. Kxe4 Kc6 44. Rb8 Kc7 45. Rf8 Rc3 46.
Rxf7+ Kb6 47. Rf8 Kb7 48. Rf7+ Kb6 49. Rf8 1/2-1/2

[Event "II Torneo Internacional Puente Foral. A"]
[Site "Huarte (Navarra)"]
[Date "2007.12.06"]
[Round "7.4"]
[White "Garbisu De Goni, Unai"]
[Black "Fayard, Alain"]
[Result "1-0"]
[WhiteElo "2462"]
[BlackElo "2360"]
[PlyCount "89"]
[EventDate "2007.12.02"]

1. e4 e5 2. Nf3 Nc6 3. Bb5 a6 4. Ba4 Nf6 5. O-O Be7 6. Bxc6 dxc6 7. d3 Nd7 8.
b3 O-O 9. Bb2 Bf6 10. Nbd2 Re8 11. Nc4 b5 12. Ne3 Nf8 13. h3 Ng6 14. Nh2 Bg5
15. Re1 Nf4 16. Neg4 Ng6 17. a4 h5 18. Ne3 Nf4 19. Nf3 Bf6 20. Qd2 g6 21. Nf1
g5 22. d4 Bxh3 23. gxh3 Qd7 24. N3h2 Qxh3 25. f3 Rad8 26. axb5 axb5 27. Ra6 Rd6
28. Ne3 exd4 29. Nf5 Rde6 30. Rf1 Be5 31. Kh1 c5 32. Ra5 c6 33. Ra7 Kf8 34. Rg1
h4 35. Rxg5 Rg6 36. Rxg6 fxg6 37. Nh6 Re7 38. Ra8+ Re8 39. Ra7 Re7 40. Ra8+ Re8
41. Rxe8+ Kxe8 42. N6g4 Bc7 43. e5 Qg3 44. Nf6+ Kf7 45. Ne4 1-0

[Event "II Torneo Internacional Puente Foral. A"]
[Site "Huarte (Navarra)"]
[Date "2007.12.06"]
[Round "7.5"]
[White "Burguete Archel, Eduardo"]
[Black "Cabrera Trujillo, Jorge Juan"]
[Result "0-1"]
[WhiteElo "2187"]
[BlackElo "2317"]
[PlyCount "98"]
[EventDate "2007.12.02"]

1. e4 c5 2. Nf3 d6 3. d4 cxd4 4. Nxd4 Nf6 5. Nc3 g6 6. Be3 Bg7 7. f3 O-O 8. Qd2
Nc6 9. Bc4 Bd7 10. h4 Rb8 11. Bb3 h5 12. O-O-O Ne5 13. g4 Nfxg4 14. fxg4 Nxg4
15. Bg5 Kh7 16. Kb1 b5 17. Rhf1 Ne5 18. Nd5 f6 19. Be3 a5 20. a3 Re8 21. Qg2
Bg4 22. Rde1 Qd7 23. Rf2 Rec8 24. Nf4 Nc4 25. Nd5 Rb7 26. Bc1 Qe8 27. Ne3 Nxe3
28. Bxe3 Qd7 29. Rg1 Qe8 30. Be6 Bxe6 31. Nxe6 b4 32. Rf5 bxa3 33. Rxh5+ Kg8
34. Qxg6 Rxb2+ 35. Ka1 Qxg6 36. Rxg6 Kf7 37. Rxg7+ Kxe6 38. Rg2 Rcxc2 39. Rxc2
Rxc2 40. Rxa5 Re2 41. Rxa3 Rh2 42. e5 dxe5 43. Ra4 Kf5 44. Kb1 e4 45. Ra7 e5
46. Rh7 Kg4 47. Bg5 f5 48. Kc1 e3 49. Re7 Rh1+ 0-1

[Event "II Torneo Internacional Puente Foral. A"]
[Site "Huarte (Navarra)"]
[Date "2007.12.07"]
[Round "8.1"]
[White "Ninov, Nikolai"]
[Black "Cabrera Trujillo, Jorge Juan"]
[Result "1/2-1/2"]
[WhiteElo "2518"]
[BlackElo "2317"]
[PlyCount "78"]
[EventDate "2007.12.02"]

1. e4 c5 2. Nf3 d6 3. d4 cxd4 4. Nxd4 Nf6 5. Nc3 g6 6. Be3 Bg7 7. f3 O-O 8. Qd2
Nc6 9. Bc4 Bd7 10. O-O-O Rb8 11. Bb3 Na5 12. Bh6 Bxh6 13. Qxh6 b5 14. g4 Nxb3+
15. Nxb3 b4 16. Nd5 Nxd5 17. exd5 e5 18. dxe6 Bxe6 19. Nc5 Qc7 20. Na6 Qc4 21.
Nxb8 Rc8 22. Qd2 Qxa2 23. Qxb4 Bb3 24. Kd2 Rxc2+ 25. Ke3 Qxb2 26. Qxd6 Re2+ 27.
Kf4 Bxd1 28. Nd7 Qd2+ 29. Qxd2 Rxd2 30. Nf6+ Kg7 31. g5 a5 32. Re1 Rd8 33. h4
h5 34. Re5 Ra8 35. Ne8+ Kg8 36. Nc7 Rc8 37. Nd5 Ra8 38. Nc7 Rc8 39. Nd5 Ra8
1/2-1/2

[Event "II Torneo Internacional Puente Foral. A"]
[Site "Huarte (Navarra)"]
[Date "2007.12.07"]
[Round "8.3"]
[White "Huerga Leache, Mikel"]
[Black "Garbisu De Goni, Unai"]
[Result "1/2-1/2"]
[WhiteElo "2440"]
[BlackElo "2462"]
[PlyCount "109"]
[EventDate "2007.12.02"]

1. e4 e5 2. Nf3 Nc6 3. Bb5 a6 4. Ba4 Nf6 5. O-O Be7 6. Re1 b5 7. Bb3 d6 8. c3
O-O 9. h3 Na5 10. Bc2 c5 11. d4 Qc7 12. b4 cxb4 {(=)} 13. cxb4 Nc6 14. Bb2 exd4
15. Nxd4 Nxd4 16. Bxd4 Be6 17. Nc3 Rac8 18. a4 bxa4 19. Rxa4 Qb7 20. Bd3 Ra8
21. Nd5 Bxd5 22. exd5 Rfe8 23. Bc4 Nd7 24. Qg4 Ne5 25. Bxe5 dxe5 26. Rxe5 Bd6
27. Rxe8+ Rxe8 28. g3 Bxb4 29. Rxa6 Bc5 30. Qf3 g6 31. Rf6 Bd4 32. Rf4 Be5 33.
Re4 Kg7 34. Kg2 Re7 35. h4 Bf6 36. h5 Rxe4 37. Qxe4 Qc7 38. f4 Qe7 39. Qd3 Qd6
40. Bb3 Be7 41. Bc2 Qf6 42. Kf3 Bd6 43. Qe4 Kf8 44. h6 g5 45. Qxh7 gxf4 46. g4
Qh4 47. Qg7+ Ke7 48. Ke2 f3+ 49. Kxf3 Qg3+ 50. Ke2 Qg2+ 51. Kd3 Qxd5+ 52. Qd4
Qxd4+ {(=)} 53. Kxd4 Ba3 54. Kc3 Bd6 55. Kd4 1/2-1/2

[Event "II Torneo Internacional Puente Foral. A"]
[Site "Huarte (Navarra)"]
[Date "2007.12.07"]
[Round "8.4"]
[White "Antoli Royo, Joaquin Miguel"]
[Black "Mirzoev, Azer"]
[Result "1/2-1/2"]
[WhiteElo "2356"]
[BlackElo "2545"]
[PlyCount "24"]
[EventDate "2007.12.02"]

1. e4 g6 2. d4 Bg7 3. Nf3 d6 4. Bc4 e6 5. O-O h6 6. Re1 a6 7. a4 Ne7 8. Nc3 O-O
9. h3 Kh7 10. Bf4 Nd7 11. Qd2 b6 12. Rad1 Bb7 1/2-1/2

[Event "II Torneo Internacional Puente Foral. A"]
[Site "Huarte (Navarra)"]
[Date "2007.12.08"]
[Round "9.3"]
[White "Garbisu De Goni, Unai"]
[Black "Antoli Royo, Joaquin Miguel"]
[Result "1-0"]
[WhiteElo "2462"]
[BlackElo "2356"]
[PlyCount "63"]
[EventDate "2007.12.02"]

1. e4 c5 2. Nf3 Nc6 3. d4 cxd4 4. Nxd4 Qc7 5. Nc3 e6 6. f4 a6 7. Be3 b5 8. Nxc6
Qxc6 9. a3 Bb7 10. Qd4 Nf6 11. Bd3 Rc8 12. h3 d5 13. exd5 exd5 14. Qe5+ Be7 15.
Ne2 O-O 16. Nd4 Qc7 17. Qxc7 Rxc7 18. O-O Re8 19. Rfe1 Ne4 20. c3 Bh4 21. Red1
g6 22. Nc2 Nd6 23. Bf2 Bxf2+ 24. Kxf2 Nc4 25. Bxc4 dxc4 26. Re1 Be4 27. Nb4 Re6
28. Nxa6 Rc8 29. Nb4 Rc5 30. Rad1 Rf5 31. g3 g5 32. Rd4 1-0

[Event "II Torneo Internacional Puente Foral. A"]
[Site "Huarte (Navarra)"]
[Date "2007.12.08"]
[Round "9.4"]
[White "Burguete Archel, Eduardo"]
[Black "Huerga Leache, Mikel"]
[Result "1-0"]
[WhiteElo "2187"]
[BlackElo "2440"]
[PlyCount "107"]
[EventDate "2007.12.02"]

1. e4 c5 2. Nf3 d6 3. d4 cxd4 4. Nxd4 Nf6 5. Nc3 Nc6 6. f3 Qb6 7. Nb3 e6 8. Qe2
a6 9. Be3 Qc7 10. Na4 Nd7 11. Qf2 d5 12. exd5 Nb4 13. Nc3 Nf6 14. O-O-O Nfxd5
15. Nxd5 Nxd5 16. Bd4 Bd7 17. Kb1 a5 18. Nc5 Bc6 19. Ne4 a4 20. a3 O-O-O 21.
Bc4 b5 22. Bd3 Kd7 23. Rhe1 Ke8 24. Bc5 Rd7 25. g3 f6 26. Qe2 Be7 27. Bxe7 Rxe7
28. Bxb5 Kf7 29. Bxc6 Qxc6 30. c4 Nc7 31. Nd6+ Kf8 32. Qe4 Qxe4+ 33. Rxe4 Rd7
34. c5 Ke7 35. Rxa4 Nd5 36. Re4 f5 37. Nxf5+ Kf6 38. Nd6 Rb8 39. Kc2 Ra8 40.
Rd3 Rda7 41. Nc4 h5 42. b4 g5 43. Kb2 Rb8 44. Nb6 Rd8 45. Red4 g4 46. f4 h4 47.
Nxd5+ exd5 48. Rxd5 Re8 49. Re5 Rh8 50. c6 hxg3 51. hxg3 Rh2+ 52. Kb3 Rf2 53.
Ree3 Kf5 54. Rc3 1-0

[Event "II Torneo Internacional Puente Foral. A"]
[Site "Huarte (Navarra)"]
[Date "2007.12.08"]
[Round "9.5"]
[White "Cabrera Trujillo, Jorge Juan"]
[Black "Fayard, Alain"]
[Result "1-0"]
[WhiteElo "2317"]
[BlackElo "2360"]
[PlyCount "69"]
[EventDate "2007.12.02"]

1. e4 e5 2. Nf3 Nc6 3. Bb5 a6 4. Ba4 Nf6 5. O-O Be7 6. Re1 b5 7. Bb3 d6 8. c3
O-O 9. h3 Na5 10. Bc2 c5 11. d4 Qc7 12. Nbd2 Nc6 13. d5 Nd8 14. a4 Rb8 15. b4
c4 16. Nf1 Ne8 17. g4 g6 18. Ng3 Ng7 19. Kh2 f6 20. Rg1 Nf7 21. Rg2 Kh8 22. Ng1
Bd7 23. a5 Rg8 24. f4 exf4 25. Bxf4 Ne5 26. Nf3 Rbe8 27. Nd4 Qc8 28. Qe2 Rgf8
29. Rag1 Bd8 30. Ngf5 Nxf5 31. gxf5 gxf5 32. Qh5 Rg8 33. Bxe5 dxe5 34. Qf7 Be7
35. Rg7 1-0

[Event "II Torneo Internacional Puente Foral. B"]
[Site "Huarte (Navarra)"]
[Date "2007.12.02"]
[Round "1.1"]
[White "Mihailovs, Jurijs"]
[Black "Senlle Caride, Miguel"]
[Result "1/2-1/2"]
[WhiteElo "2366"]
[BlackElo "2217"]
[PlyCount "60"]
[EventDate "2007.12.02"]

1. d4 Nf6 2. c4 c6 3. Nc3 d5 4. e3 a6 5. Qc2 g6 6. Bd2 Bg7 7. cxd5 cxd5 8. Rc1
O-O 9. Na4 Nc6 10. Nf3 Ne4 11. Bd3 Nxd2 12. Qxd2 e5 13. Nxe5 Nxe5 14. dxe5 Bxe5
15. Nc5 Qd6 16. f4 Bg7 17. O-O b6 18. Nb3 a5 19. Be2 Qb4 20. Rfd1 Re8 21. Bf3
Be6 22. Nd4 Rac8 23. Qxb4 axb4 24. a3 bxa3 25. bxa3 Bxd4 26. exd4 Rxc1 27. Rxc1
Ra8 28. Rc3 Ra4 29. Rd3 Bf5 30. Rb3 Be6 1/2-1/2

[Event "II Torneo Internacional Puente Foral. B"]
[Site "Huarte (Navarra)"]
[Date "2007.12.02"]
[Round "1.2"]
[White "Navarrete Delgado, Sergio"]
[Black "Rizouk, Aimen"]
[Result "0-1"]
[WhiteElo "2227"]
[BlackElo "2470"]
[PlyCount "58"]
[EventDate "2007.12.02"]

1. e4 c5 2. Nf3 d6 3. d4 cxd4 4. Nxd4 Nf6 5. f3 e5 6. Nb3 a5 7. Be3 d5 8. Bg5
a4 9. Bxf6 Qxf6 10. N3d2 d4 11. c3 Bc5 12. Bd3 O-O 13. c4 Qb6 14. b3 axb3 15.
Qxb3 Qh6 16. O-O Na6 17. Re1 Bd7 18. a3 Ba7 19. Qd1 Nc5 20. Bf1 Ba4 21. Qc1
Rfc8 22. Ra2 b5 23. Qb2 d3 24. Kh1 Qb6 25. Qxe5 Nd7 26. c5 Rxc5 27. Qd4 Rc7 28.
Qxb6 Bxb6 29. Rc2 dxc2 0-1

[Event "II Torneo Internacional Puente Foral. B"]
[Site "Huarte (Navarra)"]
[Date "2007.12.02"]
[Round "1.3"]
[White "Dobrev, Nanko"]
[Black "Cruz Estrada, Filemon"]
[Result "1/2-1/2"]
[WhiteElo "2448"]
[BlackElo "2402"]
[PlyCount "89"]
[EventDate "2007.12.02"]

1. d4 Nf6 2. Nf3 e6 3. c4 b6 4. a3 d5 5. cxd5 exd5 6. Nc3 Be7 7. Bf4 O-O 8. e3
c5 9. Nb5 Na6 10. Ne5 Bb7 11. Be2 Ne8 12. O-O Nac7 13. Nxc7 Nxc7 14. Qa4 Ne6
15. Bg3 a6 16. Qd7 Bc8 17. Qxd8 Bxd8 18. Rfd1 cxd4 19. exd4 Re8 20. Nc6 Bf6 21.
Bf3 Bb7 22. Bxd5 Nxd4 23. Bxf7+ Kxf7 24. Nxd4 Red8 25. Nf5 Bxb2 26. Nd6+ Rxd6
27. Bxd6 Bxa1 28. Rxa1 b5 29. f3 Rc8 30. Bb4 Rd8 31. Re1 Rd7 32. Kf2 Bd5 33.
Re5 g6 34. Kg3 Be6 35. Rc5 Ra7 36. Ba5 Ke7 37. Rc6 Kd7 38. Rb6 Bd5 39. Kf4 Bc6
40. Kg5 Kd6 41. f4 Kc5 42. g3 Bb7 43. Re6 Kd5 44. Re3 Bc8 45. g4 1/2-1/2

[Event "II Torneo Internacional Puente Foral. B"]
[Site "Huarte (Navarra)"]
[Date "2007.12.02"]
[Round "1.4"]
[White "Reinaldo Castineira, Roi"]
[Black "Navarro Cia, Miguel"]
[Result "1-0"]
[WhiteElo "2477"]
[BlackElo "2359"]
[PlyCount "41"]
[EventDate "2007.12.02"]

1. c4 e5 2. g3 Nf6 3. Bg2 c6 4. d4 Bb4+ 5. Bd2 Bxd2+ 6. Qxd2 d6 7. Nc3 O-O 8.
e3 Be6 9. b3 Nbd7 10. Nge2 Qa5 11. O-O Rfd8 12. Rad1 Rac8 13. h3 a6 14. g4 b5
15. d5 cxd5 16. cxd5 Bxg4 17. hxg4 Nxg4 18. Ne4 Qb6 19. Bh3 Ngf6 20. Nxf6+ gxf6
21. Ng3 1-0

[Event "II Torneo Internacional Puente Foral. B"]
[Site "Huarte (Navarra)"]
[Date "2007.12.02"]
[Round "1.5"]
[White "Rada Equiza, Miguel"]
[Black "Trujillo Delgado, Dafnae"]
[Result "1-0"]
[WhiteElo "2292"]
[BlackElo "2243"]
[PlyCount "53"]
[EventDate "2007.12.02"]

1. e4 c5 2. Nf3 d6 3. d4 cxd4 4. Nxd4 Nf6 5. Nc3 a6 6. Be3 e6 7. g4 h6 8. Bg2
e5 9. Nf5 g6 10. Qd2 gxf5 11. exf5 Nc6 12. O-O-O Bd7 13. f4 Qa5 14. g5 hxg5 15.
fxg5 Nh5 16. Qf2 O-O-O 17. Bb6 Qb4 18. Nd5 Qg4 19. Bxd8 Kxd8 20. Qb6+ Ke8 21.
Nc7+ Kd8 22. Bxc6 Qxg5+ 23. Kb1 Ke7 24. Nd5+ Ke8 25. Bxd7+ Kxd7 26. Qxb7+ Ke8
27. f6 1-0

[Event "II Torneo Internacional Puente Foral. B"]
[Site "Huarte (Navarra)"]
[Date "2007.12.03"]
[Round "2.1"]
[White "Senlle Caride, Miguel"]
[Black "Trujillo Delgado, Dafnae"]
[Result "1-0"]
[WhiteElo "2217"]
[BlackElo "2243"]
[PlyCount "99"]
[EventDate "2007.12.02"]

1. e4 c5 2. Nf3 d6 3. d4 cxd4 4. Nxd4 Nf6 5. Nc3 a6 6. Be3 e6 7. f3 b5 8. a4 b4
9. Na2 Bb7 10. Qd2 d5 11. e5 Nfd7 12. f4 Nc5 13. Bd3 Nxd3+ 14. Qxd3 Nd7 15. O-O
Be7 16. f5 Nxe5 17. Qe2 exf5 18. Nxf5 Bf6 19. Bc5 Qc7 20. Bd6 Qb6+ 21. Kh1
O-O-O 22. Bxe5 Rhe8 23. Bd4 Bxd4 24. Qg4 Re4 25. Nd6+ Kb8 26. Nxe4 dxe4 27. c3
bxc3 28. bxc3 Be5 29. Rab1 Qc6 30. Rxf7 Bc7 31. Qxg7 Qd6 32. Qxh7 e3 33. Qh4
Qd1+ 34. Rf1 Qd2 35. Qe4 Qd5 36. Qxd5 Rxd5 37. Nb4 Rd6 38. Nc2 e2 39. Rfe1 Rh6
40. Rxe2 Bxh2 41. Ne3 Bd6+ 42. Kg1 Bc5 43. Kf2 Rh2 44. Kg3 Bd6+ 45. Kg4 Kc7 46.
c4 Bc8+ 47. Kf3 Rh8 48. c5 Rf8+ 49. Ke4 Bxc5 50. Rc2 1-0

[Event "II Torneo Internacional Puente Foral. B"]
[Site "Huarte (Navarra)"]
[Date "2007.12.03"]
[Round "2.2"]
[White "Navarro Cia, Miguel"]
[Black "Rada Equiza, Miguel"]
[Result "1-0"]
[WhiteElo "2359"]
[BlackElo "2292"]
[PlyCount "59"]
[EventDate "2007.12.02"]

1. e4 e5 2. Nf3 Nc6 3. Bb5 a6 4. Ba4 Nf6 5. O-O b5 6. Bb3 Nxe4 7. d4 d5 8. dxe5
Be6 9. Be3 Be7 10. c3 O-O 11. Nbd2 Kh8 12. Re1 f5 13. exf6 Nxf6 14. a4 Qd7 15.
Bc2 Bg4 16. Qb1 Bd6 17. axb5 axb5 18. Bd3 Rxa1 19. Qxa1 Bxf3 20. Nxf3 Ne5 21.
Nxe5 Bxe5 22. h3 c6 23. Qb1 Bb8 24. Qc2 Qc7 25. g3 Nh5 26. Bc5 Ba7 27. Re7
Qxg3+ 28. fxg3 Bxc5+ 29. Kg2 Bxe7 30. Qe2 1-0

[Event "II Torneo Internacional Puente Foral. B"]
[Site "Huarte (Navarra)"]
[Date "2007.12.03"]
[Round "2.3"]
[White "Cruz Estrada, Filemon"]
[Black "Reinaldo Castineira, Roi"]
[Result "0-1"]
[WhiteElo "2402"]
[BlackElo "2477"]
[PlyCount "90"]
[EventDate "2007.12.02"]

1. c4 e5 2. d3 Bc5 3. Nf3 d6 4. e3 Bb6 5. Be2 Nf6 6. O-O O-O 7. Nc3 c6 8. a3
Re8 9. b4 h6 10. Bb2 Nbd7 11. Rc1 Nf8 12. Qc2 Bf5 13. Ne4 Bc7 14. Rfd1 Bh7 15.
Bf1 Rc8 16. g3 N6d7 17. Bg2 f5 18. Ned2 Ne6 19. Qb3 Kh8 20. d4 e4 21. Ne1 Ng5
22. h4 Nf7 23. Bc3 Nf6 24. Nf1 d5 25. Bd2 Nd6 26. cxd5 Bg8 27. Qb1 Bxd5 28. Nc2
Qd7 29. a4 a6 30. Na3 b5 31. a5 g5 32. hxg5 hxg5 33. Rc3 Rg8 34. Rdc1 Rg6 35.
Qc2 Bb8 36. Rc5 Qh7 37. Nb1 Kg7 38. Nc3 Bc4 39. f3 Rh8 40. Re5 Rh6 41. Re7+ Nf7
42. d5 exf3 43. Bxf3 Rh1+ 44. Kf2 Bxf1 45. Bxh1 Qxh1 0-1

[Event "II Torneo Internacional Puente Foral. B"]
[Site "Huarte (Navarra)"]
[Date "2007.12.03"]
[Round "2.5"]
[White "Mihailovs, Jurijs"]
[Black "Navarrete Delgado, Sergio"]
[Result "0-1"]
[WhiteElo "2366"]
[BlackElo "2227"]
[PlyCount "50"]
[EventDate "2007.12.02"]

1. d4 Nf6 2. c4 e6 3. Nf3 Bb4+ 4. Nbd2 c5 5. a3 Bxd2+ 6. Qxd2 cxd4 7. b4 d5 8.
c5 Nc6 9. Bb2 e5 10. Qg5 Qe7 11. Qxg7 Rg8 12. Qh6 Bf5 13. g3 O-O-O 14. Bg2 d3
15. b5 Rg6 16. Qc1 Na5 17. Nh4 Be4 18. Nxg6 hxg6 19. Bh3+ Kb8 20. f3 Nc4 21.
Bc3 Qxc5 22. Bxe5+ Ka8 23. Ra2 Bxf3 24. Rf1 Ng4 25. exd3 Ngxe5 0-1

[Event "II Torneo Internacional Puente Foral. B"]
[Site "Huarte (Navarra)"]
[Date "2007.12.03"]
[Round "3.1"]
[White "Navarrete Delgado, Sergio"]
[Black "Senlle Caride, Miguel"]
[Result "1-0"]
[WhiteElo "2227"]
[BlackElo "2217"]
[PlyCount "97"]
[EventDate "2007.12.02"]

1. e4 e5 2. Nf3 Nc6 3. Bb5 a6 4. Ba4 Nf6 5. O-O Bc5 6. Nxe5 Nxe5 7. d4 b5 8.
dxe5 bxa4 9. exf6 Qxf6 10. Qd5 Qc6 11. Qxc6 dxc6 12. a3 O-O 13. Nc3 Re8 14.
Nxa4 Ba7 15. Re1 Bf5 16. Be3 Bxe3 17. exf5 Bd4 18. Kf1 Kf8 19. Rxe8+ Rxe8 20.
Re1 Rxe1+ 21. Kxe1 Ke7 22. c3 Ba7 23. Ke2 Kf6 24. g4 Kg5 25. Kf3 Kh4 26. b3 f6
27. Nb2 h5 28. gxh5 Kg5 29. Nd3 Kxf5 30. Nb4 Bc5 31. Nxa6 Bxa3 32. Nxc7 Bd6 33.
Ne8 Bf8 34. h4 Ke6 35. Nc7+ Ke5 36. Na6 f5 37. Nb8 Kd5 38. c4+ Kd6 39. Kf4 Kc7
{(=)} 40. Nxc6 Kxc6 41. Kxf5 Be7 42. Kg6 Bxh4 43. Kxg7 Bxf2 44. h6 Bd4+ 45. Kg8
Kc5 46. h7 Kb4 47. h8=Q Bxh8 48. Kxh8 Kxb3 49. c5 1-0

[Event "II Torneo Internacional Puente Foral. B"]
[Site "Huarte (Navarra)"]
[Date "2007.12.03"]
[Round "3.2"]
[White "Dobrev, Nanko"]
[Black "Mihailovs, Jurijs"]
[Result "1/2-1/2"]
[WhiteElo "2448"]
[BlackElo "2366"]
[PlyCount "84"]
[EventDate "2007.12.02"]

1. d4 Nf6 2. c4 e6 3. Nc3 Bb4 4. e3 b6 5. Nf3 c5 6. Bd3 Nc6 7. O-O Bxc3 8. bxc3
d6 9. d5 exd5 10. cxd5 Nxd5 11. e4 Nde7 12. Bf4 O-O 13. Bb5 a6 14. Bxc6 Nxc6
15. Bxd6 Re8 16. Re1 Bg4 {(=)} 17. e5 Na5 18. h3 Be6 19. Qc2 Ra7 20. Rad1 Rd7
21. Re2 Nc4 22. Qa4 f6 23. Rde1 Nxd6 24. exd6 Rxd6 25. Nh4 b5 26. Qe4 Rd1 27.
Qc6 Rxe1+ 28. Rxe1 Bf7 29. Rxe8+ Qxe8 30. Qxa6 Qe1+ 31. Kh2 Qe5+ 32. Kg1 g5 33.
Qc8+ Kg7 34. Nf5+ Kg6 35. Ne3 Qxc3 36. Qf5+ Kg7 37. Qd7 Qe1+ 38. Kh2 Qxf2 39.
Nf5+ Kg6 40. Ne7+ Kh5 41. Nf5 Qf4+ 42. Kg1 Qc1+ 1/2-1/2

[Event "II Torneo Internacional Puente Foral. B"]
[Site "Huarte (Navarra)"]
[Date "2007.12.03"]
[Round "3.3"]
[White "Reinaldo Castineira, Roi"]
[Black "Rizouk, Aimen"]
[Result "1/2-1/2"]
[WhiteElo "2477"]
[BlackElo "2470"]
[PlyCount "31"]
[EventDate "2007.12.02"]

1. c4 e5 2. g3 Nc6 3. Bg2 g6 4. Nc3 Bg7 5. d3 d6 6. Rb1 f5 7. e3 Nf6 8. Nge2
O-O 9. O-O g5 10. f4 h6 11. Nd5 Ne7 12. Nec3 Ng6 13. Nxf6+ Qxf6 14. Nd5 Qf7 15.
Qh5 c6 16. Qxg6 1/2-1/2

[Event "II Torneo Internacional Puente Foral. B"]
[Site "Huarte (Navarra)"]
[Date "2007.12.03"]
[Round "3.4"]
[White "Rada Equiza, Miguel"]
[Black "Cruz Estrada, Filemon"]
[Result "1/2-1/2"]
[WhiteElo "2292"]
[BlackElo "2402"]
[PlyCount "49"]
[EventDate "2007.12.02"]

1. e4 c5 2. Nf3 e6 3. d4 cxd4 4. Nxd4 a6 5. c4 Nf6 6. Nc3 d6 7. Be3 Be7 8. Be2
O-O 9. O-O b6 10. a3 Bb7 11. f3 Nbd7 12. Rc1 Rc8 13. Qd2 Re8 14. Kh1 Bf8 15.
Bg1 Rc7 16. b4 Qb8 17. Rc2 Rec8 18. Rfc1 h6 19. Na4 Ba8 20. Nb3 Bc6 21. Nb2 Qa8
22. Bf1 Bb7 23. Na4 Rc6 24. Nd4 R6c7 25. Nb3 1/2-1/2

[Event "II Torneo Internacional Puente Foral. B"]
[Site "Huarte (Navarra)"]
[Date "2007.12.03"]
[Round "3.5"]
[White "Trujillo Delgado, Dafnae"]
[Black "Navarro Cia, Miguel"]
[Result "0-1"]
[WhiteElo "2243"]
[BlackElo "2359"]
[PlyCount "64"]
[EventDate "2007.12.02"]

1. e4 e6 2. d4 d5 3. Nd2 Nf6 4. e5 Nfd7 5. f4 c5 6. c3 Nc6 7. Ndf3 Qa5 8. a3
Nxd4 9. Nxd4 cxd4 10. b4 Qc7 11. cxd4 Qc3+ 12. Bd2 Qxd4 13. Nf3 Qb6 14. Bd3 Be7
15. Qc2 h6 16. Rc1 O-O 17. h4 f6 18. Ke2 fxe5 19. fxe5 Rxf3 20. gxf3 Nxe5 21.
Rhg1 Bd7 22. Be3 d4 23. Bxh6 Bf6 24. Qc5 Nxd3 25. Kxd3 Qa6+ 26. Kd2 Qxa3 27.
Qd6 Rd8 28. Rg3 Qb2+ 29. Ke1 Bxh4 30. Qe5 Bxg3+ 31. Qxg3 d3 32. Rc4 Qe2# 0-1

[Event "II Torneo Internacional Puente Foral. B"]
[Site "Huarte (Navarra)"]
[Date "2007.12.04"]
[Round "4.1"]
[White "Senlle Caride, Miguel"]
[Black "Navarro Cia, Miguel"]
[Result "1/2-1/2"]
[WhiteElo "2217"]
[BlackElo "2359"]
[PlyCount "60"]
[EventDate "2007.12.02"]

1. d4 Nf6 2. Nf3 g6 3. c4 Bg7 4. Nc3 d5 5. cxd5 Nxd5 6. Na4 Nb6 7. e4 Bg4 8.
Be3 Bxf3 9. gxf3 O-O 10. Be2 Nc6 11. d5 Nxa4 12. Qxa4 Ne5 13. Bd4 Qd6 14. f4
Nd7 15. Bxg7 Kxg7 16. O-O f6 17. a3 Rf7 18. Qb4 Qxf4 19. Qxb7 Rb8 20. Qxa7 Rxb2
21. Rfe1 Qxe4 22. Qe3 Qa4 23. Qc3 Rc2 24. Bd1 Rxc3 25. Bxa4 Nb6 26. Be8 Rf8 27.
Rxe7+ Kh6 28. Bc6 Rd8 29. Rxc7 Nxd5 30. Rd7 Rxd7 {(=)} 1/2-1/2

[Event "II Torneo Internacional Puente Foral. B"]
[Site "Huarte (Navarra)"]
[Date "2007.12.04"]
[Round "4.2"]
[White "Cruz Estrada, Filemon"]
[Black "Trujillo Delgado, Dafnae"]
[Result "1-0"]
[WhiteElo "2402"]
[BlackElo "2243"]
[PlyCount "79"]
[EventDate "2007.12.02"]

1. c4 c5 2. Nc3 Nc6 3. g3 g6 4. Bg2 Bg7 5. a3 e5 6. Nf3 Nge7 7. O-O O-O 8. Ne1
d6 9. Nc2 Be6 10. Ne3 Rb8 11. b4 f5 12. Rb1 e4 13. Ned5 Ne5 14. d3 Bxd5 15.
Nxd5 Nxd5 16. cxd5 exd3 17. bxc5 dxe2 18. Qxe2 dxc5 19. Rd1 Qd6 20. Bf4 b6 21.
Rb3 Rb7 22. Re3 Re7 23. Re1 Rfe8 24. h4 Bf6 25. a4 Kg7 26. Qd2 Qd7 27. R3e2 Nf7
28. Rxe7 Rxe7 29. Rd1 Bd4 30. Qc2 Ne5 31. h5 Qd6 32. Qc1 Re8 33. Kf1 Kf7 34. h6
Qd7 35. Qc2 Ng4 36. Qc4 Bxf2 37. d6+ Kf8 38. Qc3 Bd4 39. Rxd4 Qe6 40. Re4 1-0

[Event "II Torneo Internacional Puente Foral. B"]
[Site "Huarte (Navarra)"]
[Date "2007.12.04"]
[Round "4.3"]
[White "Rizouk, Aimen"]
[Black "Rada Equiza, Miguel"]
[Result "1-0"]
[WhiteElo "2470"]
[BlackElo "2292"]
[PlyCount "87"]
[EventDate "2007.12.02"]

1. e4 e5 2. Nf3 Nc6 3. Bc4 Nf6 4. d3 Be7 5. O-O O-O 6. Bb3 d6 7. c3 Na5 8. Bc2
c5 9. a3 Nc6 10. Nbd2 Qc7 11. Re1 h6 12. b4 a6 13. Bb2 Be6 14. Rc1 Rac8 15. d4
cxd4 16. cxd4 exd4 17. Nb3 Bxb3 18. Bxb3 Qb6 19. Nxd4 Nxd4 20. Rxc8 Rxc8 21.
Bxd4 Qc6 22. Qf3 Qb5 23. h3 a5 24. bxa5 Qxa5 25. Rd1 Rc6 26. g3 Qc7 27. Kg2 Rc1
28. Rd3 Qc6 29. Re3 Rb1 30. Rc3 Qxe4 31. Rc8+ Bf8 32. Qxe4 Nxe4 33. Bc2 Re1 34.
Re8 d5 35. Be3 Nf6 36. Rd8 g6 37. Bd4 Re6 38. Bb3 h5 39. a4 Ne4 40. Bxd5 Rd6
41. Rxd6 Nxd6 42. a5 Nb5 43. Bb6 Nd6 44. Bc7 1-0